000
00217 a2200097 4500
001
876
100
_a
Thomson,J
245
_a
Devises textbook of radio vol-3 electronis
260
_a
_b
H M S
_c
1955
090
_c
467
_d
467
942
_a
NUST-CAE
_c
31011
_c
M
999
_c
235949
_d
235949